Campeones Liga Nacional de Básquet (Argentina) - Estadísticas

Estadísticas generales
  • Esta prueba ha sido intentada 133 veces
    17 desde el último reinicio
  • La puntuación promedio es 21 de 40
Estadísticas de respuestas
Campeón Temporada % Correcto
Quimsa (Santiago del Estero) 2022/23
91%
Boca Juniors 2023/24
82%
Boca Juniors 2024/25
82%
San Lorenzo 2015/16
82%
San Lorenzo 2016/17
82%
San Lorenzo 2017/18
82%
San Lorenzo 2018/19
82%
San Lorenzo 2020/21
82%
Atenas (Córdoba) 1987
64%
Atenas (Córdoba) 1990
64%
Instituto (Córdoba) 2021/22
64%
Quimsa (Santiago del Estero) 2014/15
64%
Atenas (Córdoba) 1988
55%
Atenas (Córdoba) 1991/92
55%
Atenas (Córdoba) 2008/09
55%
Ferro Carril Oeste 1985
55%
Ferro Carril Oeste 1986
55%
Ferro Carril Oeste 1989
55%
Peñarol (Mar del Plata) 1993/94
55%
Peñarol (Mar del Plata) 2009/10
55%
Peñarol (Mar del Plata) 2011/12
55%
Peñarol (Mar del Plata) 2013/14
55%
Atenas (Córdoba) 1997/98
45%
Boca Juniors 2003/04
45%
Boca Juniors 2006/07
45%
Estudiantes (Olavarría) 99/2000
45%
Estudiantes (Olavarría) 2000/01
45%
GEPU (San Luís) 1990/91
45%
Libertad (Sunchales) 2007/08
45%
Peñarol (Mar del Plata) 2010/11
45%
Atenas (Córdoba) 1998/99
36%
Atenas (Córdoba) 2001/02
36%
Ben Hur (Rafaela) 2004/05
36%
Boca Juniors 1996/97
36%
GEPU (San Luís) 1992/93
36%
Independiente (Gral. Pico) 1994/95
36%
Regatas (Corrientes) 2012/13
36%
Atenas (Córdoba) 2002/03
27%
Olimpia (Venado Tuerto) 1995/96
27%
Gimnasia y Esgrima (Comodoro Rivadavia) 2005/06
0%
No se encontraron pruebas coincidentes
Distribución de puntuación
Porcentaje de gente con cada puntuación
Porcentaje por número respondido
Historial de tus puntuaciones
No has intentado esta prueba desde el último reinicio